000 00392nam a2200145Ia 4500
008 230711s9999||||xx |||||||||||||| ||und||
041 _aENG
082 _a621
_bRO-F
100 _aRoss,C.T.E
245 0 _aFinite elements programms for asisgnment problems in engineering
250 _a1st
260 _c1984
_aNew York
_bJohn Wiley & Sons.Inc
650 _aMechanical Engineering
942 _cBK
999 _c1254
_d1254